| Tag |
First Indicator |
Second Indicator |
Subfields |
| LEADER |
00000cam a2200000 i 4500 |
| 001 |
in00005762021 |
| 005 |
20260327152032.9 |
| 006 |
m o d |
| 007 |
cr cnu---unuuu |
| 008 |
170602s2017 ne o 001 0 eng d |
| 010 |
|
|
|z 2017302034
|
| 040 |
|
|
|a OPELS
|b eng
|e rda
|e pn
|c OPELS
|d YOU
|d MERER
|d OCLCQ
|d OCLCF
|d LQU
|d ABC
|d OCLCO
|d S2H
|d LVT
|d OCLCO
|d OCLCQ
|d SFB
|d OCLCQ
|d OCLCO
|d OCLCL
|d OCLCQ
|d SXB
|d OCLCQ
|d OCLCO
|d OCLCL
|d COA
|
| 019 |
|
|
|a 993609885
|a 1105194391
|a 1105570374
|a 1229746465
|a 1340081452
|
| 020 |
|
|
|a 9780081017487
|q (electronic bk.)
|
| 020 |
|
|
|a 0081017480
|q (electronic bk.)
|
| 020 |
|
|
|z 9780081018996
|q (print)
|
| 020 |
|
|
|a 9780081017470
|
| 020 |
|
|
|a 0081017472
|
| 020 |
|
|
|a 0081018991
|
| 020 |
|
|
|a 9780081018996
|
| 024 |
8 |
|
|a (WaSeSS)ssj0002592910
|
| 035 |
|
|
|a (OCoLC)988770893
|z (OCoLC)993609885
|z (OCoLC)1105194391
|z (OCoLC)1105570374
|z (OCoLC)1229746465
|z (OCoLC)1340081452
|
| 050 |
|
4 |
|a TA418.9.T45
|
| 082 |
0 |
4 |
|a 530.4/175
|2 23
|
| 049 |
|
|
|a TXAM
|
| 100 |
1 |
|
|a Ashrit, Pandurang,
|e author.
|1 https://id.oclc.org/worldcat/entity/E39PCjJG7grbKwVdxbCMXJVX3P
|
| 245 |
1 |
0 |
|a Transition metal oxide thin film-based chromogenics and devices /
|c Pandurang Ashrit.
|
| 264 |
|
1 |
|a Amsterdam, Netherlands :
|b Elsevier,
|c 2017.
|
| 300 |
|
|
|a 1 online resource.
|
| 336 |
|
|
|a text
|b txt
|2 rdacontent
|
| 337 |
|
|
|a computer
|b c
|2 rdamedia
|
| 338 |
|
|
|a online resource
|b cr
|2 rdacarrier
|
| 490 |
1 |
|
|a Metal oxides series
|
| 500 |
|
|
|a Includes index.
|
| 588 |
0 |
|
|a Online resource; title from PDF title page (ScienceDirect, viewed June 2, 2017).
|
| 504 |
|
|
|a Includes bibliographical references.
|
| 650 |
|
0 |
|a Thin films.
|
| 650 |
|
0 |
|a Transition metal oxides.
|
| 650 |
|
0 |
|a Chromogenic compounds.
|
| 650 |
|
6 |
|a Couches minces.
|
| 650 |
|
6 |
|a Oxydes de métaux de transition.
|
| 650 |
|
6 |
|a Chromogènes (Chimie)
|
| 650 |
|
7 |
|a Chromogenic compounds
|2 fast
|
| 650 |
|
7 |
|a Thin films
|2 fast
|
| 650 |
|
7 |
|a Transition metal oxides
|2 fast
|
| 655 |
|
7 |
|a Electronic books.
|2 local
|
| 710 |
2 |
|
|a ScienceDirect (Online service)
|
| 758 |
|
|
|i has work:
|a Transition metal oxide thin film-based chromogenics and devices (Text)
|1 https://id.oclc.org/worldcat/entity/E39PCGjRyP6BMR4KdtkcCH4RBq
|4 https://id.oclc.org/worldcat/ontology/hasWork
|
| 830 |
|
0 |
|a Metal oxides series.
|
| 856 |
4 |
0 |
|u http://proxy.library.tamu.edu/login?url=https://www.sciencedirect.com/science/book/9780081018996
|z Connect to the full text of this electronic book
|t 0
|
| 955 |
|
|
|a Elsevier ScienceDirect 2026-2027
|
| 994 |
|
|
|a 92
|b TXA
|
| 999 |
f |
f |
|i 8a7fbafa-cf91-44da-b492-1c7ab0b1fc9d
|s d6b7cd7a-5835-4e5b-9059-89aeaf54b725
|t 0
|
| 952 |
f |
f |
|a Texas A&M University
|b College Station
|c Electronic Resources
|s www_evans
|d Available Online
|t 0
|e TA418.9.T45
|h Library of Congress classification
|
| 998 |
f |
f |
|a TA418.9.T45
|t 0
|l Available Online
|